Kalkulácie v združenej výrobe a ich praktický význam v účtovnej jednotke bakalárska práca

Enregistré dans:
Détails bibliographiques
Auteur principal: Handzušová, Oľga
Collectivité auteur: Fakulta hospodárskej informatiky EU. Katedra účtovníctva a audítorstva
Autres auteurs: Zeleníková, Katarína
Format: Livre
Langue:slovaque
Publié: Bratislava 2012
Tags: Ajouter un tag
Pas de tags, Soyez le premier à ajouter un tag!

MARC

LEADER 00000nbm a2200000 4500
001 0156366
005 20161109111956.2
041 0 |a slo 
044 |a SK 
245 1 0 |a Kalkulácie v združenej výrobe a ich praktický význam v účtovnej jednotke  |b bakalárska práca  |c Oľga Handzušová ; školiteľ: Katarína Zeleníková 
264 1 |a Bratislava  |c 2012 
300 |a 42 s. 
100 1 |a Handzušová, Oľga 
700 1 |a Zeleníková, Katarína 
710 2 |a Fakulta hospodárskej informatiky EU. Katedra účtovníctva a audítorstva